000
00223 a2200097 4500
001
11312
100
_a
Stoessinger, J.
245
_a
The United Nation & the Supar Power
260
_a
_b
Random House
_c
090
_c
8863
_d
8863
942
_a
NUST-CAE
_c
M
_c
35670
999
_c
246385
_d
246385